Standard forms of building contract 1998 editions. Practice note 1, series 2. Construction industry scheme (CIS). (Record no. 99649)

MARC details
000 -LEADER
fixed length control field 00670cam a2200205 4500
001 - CONTROL NUMBER
control field J100535
008 - FIXED-LENGTH DATA ELEMENTS--GENERAL INFORMATION
fixed length control field 000000n1998 000 0 eng u
035 ## - SYSTEM CONTROL NUMBER
System control number (Sirsi) u100207
050 ## - LIBRARY OF CONGRESS CALL NUMBER
Classification number 692.8
110 ## - MAIN ENTRY--CORPORATE NAME
Corporate name or jurisdiction name as entry element Joint Contracts Tribunal
9 (RLIN) 3664
245 ## - TITLE STATEMENT
Title Standard forms of building contract 1998 editions. Practice note 1, series 2. Construction industry scheme (CIS).
260 ## - PUBLICATION, DISTRIBUTION, ETC.
Place of publication, distribution, etc. London
Name of publisher, distributor, etc. RIBA Publications
Date of publication, distribution, etc. 1998
300 ## - PHYSICAL DESCRIPTION
Extent 12p. ; 30cm.
350 ## - PRICE (NR) (BK AM CF MU VM SE) [OBSOLETE]
Price 8.50
490 ## - SERIES STATEMENT
Series statement JCT Practice Note
Volume/sequential designation 1 (Series 2)
520 ## - SUMMARY, ETC.
Summary, etc. Includes Amendment issued January 2001
650 ## - SUBJECT ADDED ENTRY--TOPICAL TERM
Topical term or geographic name entry element JCT STANDARD FORM OF BUILDING CONTRACT 1998
690 ## - LOCAL SUBJECT ADDED ENTRY--TOPICAL TERM (OCLC, RLIN)
Topical term or geographic name as entry element Contracts
9 (RLIN) 6232
942 ## - ADDED ENTRY ELEMENTS (KOHA)
Suppress in OPAC 0
Holdings
Withdrawn status Lost status Source of classification or shelving scheme Damaged status Not for loan Home library Current library Shelving location Date acquired Total Checkouts Full call number Barcode Date last seen Copy number Price effective from Koha item type Date last checked out
    Dewey Decimal Classification     London London Boxed set 04/10/1999   JCT 1998/37 30059127 06/08/2019 1 06/08/2019 Reference material  
    Dewey Decimal Classification     London London Boxed set 04/10/1999   JCT 1998/37 30059128 06/08/2019 2 06/08/2019 Reference material  
    Dewey Decimal Classification     London London Boxed set 04/10/1999 6 JCT 1998/37 30059129 06/08/2019 3 06/08/2019 Book 12/06/2006